Регионална библиотека "Любен Каравелов" - Русе

Зелената къща (Запис номер 199249)

MARC детайли
000 -Лидер
Контролно поле с фиксирана дължина 01511nam a2200361 c 4500
003 - Код на организацията, давaща контролен номер
Контролно поле BLK
005 - Дата и час на последна редакция
Контролно поле 20250723160115.0
008 - Елементи от данни с фиксирана дължина
fixed length control field 180411b bul|||||r ||||||| ||bul||
010 ## - Наследен системен номер
LC control number KNG00208626000
020 ## - Международен стандартен номер на книга ISBN
Международен стандартен номер на книга ISBN 978-619-150-816-7
-- издат.: Колибри
040 ## - Източник на каталожния запис
Идентификатор на билиотеката - собственик на записа BLK
041 ## - Код за език
Код за езика на текст/звукозапис или на отделно заглавие Български
Код за езика КДБФ Български
072 #7 - Код за тематичната категория
Код организация bullib
Код за тематична категория Н83
Текст Чужда художествена литература Н
080 ## - УДК
Текстов определител УДК Перуанска литература
УДК код - определител по УДК 821.134.2(85)
УДК определител -31
УДК - код + определител 821.134.2(85)-31
100 1# - Редна дума - Автор
Автор Варгас Льоса, Марио
Авторска отговорност първи автор
R(LIN) 383298
139 ## - Редно поле
Редна дума Варгас Льоса, Марио
Авторски знак Вар - В 22
245 10 - Сведения за заглавието
Заглавие Зелената къща
Подзаглавни данни Роман
Редно поле (дума) Марио Варгас Льоса; прев. от исп. Валентина Борисова Рафаилова.
250 ## - Област на изданието
Сведения за изданието 2. изд.
257 ## - Страна на издаване
Страна на създаване/издаване Перу
260 ## - Област на издателските данни
-- София
Име на издателя, разпространителя и проч. Колибри
Година на издаване 2017
Печатница София : Инвестпрес
300 ## - Физическа характеристика
Страници 464 с.
Размери/Мащаб 20 см
380 ## - Жанр
Жанр Худож. лит.
500 ## - Общи забележки
Забележка 1. изд. 1973 на изд. Нар. култура в библ. Избрани романи. - Ориг. загл. La casa verde.
653 ## - Ключова дума – ненормативна
Ключова дума романи
659 ## - Тематичен бюлетин
Тематичен бюлетин Н
700 1# - Други автори (авторска отговорност)
Лично име Рафаилова, Валентина Борисова
Автороска отговорност (Описва отношението между автора и произведението) прев. от исп.
9 (RLIN) 377986
852 ## - Местоположение
Форматна сигнатура Цб 286270
856 4# - Електронен адрес и достъп
Електронен формат pdf - файл
Път до файла /url/
856 4# - Електронен адрес и достъп
Електронен формат pdf - файл
Път до файла /url/
942 ## - АРТИКУЛИ
Вид на библиотечния материал Книги
Скрит в OPAC Не
Koha issues (borrowed), all copies 21
944 ## - СЪЗДАВАНЕ И РЕДАКЦИЯ на ЗАПИСА
Създаване/Редакция Създаване
Дата на регистрацията/редакция 27.06.2017
Статус, дата на статуса Мартин Енчев
Служител, извършил регистрацията/редакцията 30575
944 ## - СЪЗДАВАНЕ И РЕДАКЦИЯ на ЗАПИСА
Създаване/Редакция Редакция
Дата на регистрацията/редакция 23.11.2017
Статус, дата на статуса ф /
Служител, извършил регистрацията/редакцията Пенка_Димитрова
999 ## - СИСТЕМНИ КОНТРОЛНИ НОМЕРА
Koha biblionumber 199249
Koha biblioitemnumber 199249
Наличности
Код за отписване Код за изгубен артикул Източник на класификационната схема Код за повреда Коз за рестрикции Код за отдаване Артикулен № Име на библиотеката - собственик Име на библиотеката, в която се намира в момента Статус (Текущо местоположение) Дата на вписване в системата Местоположение - отдел Цена в лева Инвентарен номер Систематично азбучна сигнатура Баркод Номер на екземпляра Цена в евро Служебна бележка Служебен тип на артикула
  Не е изгубен Universal Decimal Classification Не е повреден без рестрикции заемане за дома 346128 Регионална библиотека "Любен Каравелов" Русе Регионална библиотека "Любен Каравелов" Русе Заемна - подръчен фонд 2017-06-28 Заемна - подръчен фонд 17.16 120000812853 П 860(7/8)-31/В 22 120000812853 1 8.77 Дост: Pk Вид: Ф N: 854 Дата: 25.06.2017 Дата инв: 15.03.2018 Бележки инв: П2018 Книги
  Не е изгубен   Не е повреден без рестрикции ползва се в читалня 346129 Регионална библиотека "Любен Каравелов" Русе Регионална библиотека "Любен Каравелов" Русе Хранилище 2017-11-23 Хранилище 22.00 120000817184 Цб 286270 120000817184 2 11.25 Дост: Dp Вид: Д N: 43 Дата: 28.09.2017 Книги
Vip Innovations Ltd, Rousse, Bulgaria 2025